Score 0/20 Timer 03:00
0 Plays Today
% Correct
Joel
96.3%
Jacket
94.4%
Jeans
94.3%
Japan
94.3%
Jaguar
94%
Jackal
93.3%
Jellyfish
91.4%
Juba
90%
Jamaica
89.5%
Jeremiah
88.7%
% Correct
Joshua
88.4%
Jumper
87.1%
Jordan
85.8%
Jonah
83.9%
Judges
82.9%
Joggers
73.6%
Jerusalem
66%
Jockstrap
58.1%
Jackdaw
48.2%
Jerboa
11.3%

You're not logged in!

Compare scores with friends on all Sporcle quizzes.
OR
Log In

Sporcle TV

Today on Sporcle TV


Watch our educational content, quiz creation guides, and fun videos on Sporcle TV.

Show Comments

Extras

Top Quizzes Today


Score Distribution

Your Account Isn't Verified!

In order to create a playlist on Sporcle, you need to verify the email address you used during registration. Go to your Sporcle Settings to finish the process.

Report this User

Report this user for behavior that violates our Community Guidelines.

Details: